| 000 | 00384nam a22001571a 4500 | ||
|---|---|---|---|
| 020 | _a9780415091664 | ||
| 082 |
_a305.420 1 _bDIA/F |
||
| 100 | _aDiane Elam | ||
| 245 |
_aFeminism and deconstruction/ _cby Diane Elam |
||
| 260 |
_aLondon: _bRoutledge, _c1994. |
||
| 300 | _a154p. | ||
| 650 | _aFeminist Theory | ||
| 650 | _aDeconstruction | ||
| 650 | _aSocial Sciences | ||
| 942 | _cBK | ||
| 999 |
_c14523 _d14523 |
||